01719nam a22002657a 45000010005000000030006000050050017000110080041000280200018000690400029000870500009001160820011001251000030001362450045001662600033002113000047002445050007002915200890002985210027011885210018012156500062012339420015012959990015013109520128013257144FISKH20250630092323.0250630b cb ||||| |||| 00| 0 eng d a9788956353289 aFISKHbengcFISKHdFISKH aPZ7  a398.2  aAndersen, Hans Christian  aThe king’s new clothes /cHC Anderson  aSeoul : bE-future, c2009.  a18 pages : bcolor illustrations ;c 21 cm aG  aA vain and self-absorbed king cares only about his appearance and spends all his money on fancy clothes. Two cunning swindlers arrive at his court, claiming they can weave a magical fabric that is invisible to anyone who is unfit for their position or foolish. Intrigued, the king commissions them to make a suit. The tricksters pretend to weave and sew, while in reality, they make nothing at all. Everyone, including the king and his ministers, pretends to see the clothes—afraid to admit they see nothing, lest they appear unworthy or stupid. The king “wears” the invisible suit in a grand parade through the city. The townspeople also pretend to admire the outfit, until one innocent child speaks the truth and exclaims: “But the king isn’t wearing anything at all!” Though the king is deeply embarrassed, he continues walking, unwilling to admit he’s been fooled.8 a380 bLexile estimate 8 aG bRaz-Plus  aClassic fairy talevPride xSocial pressureyDeception  2ddccBKn0 c7144d7144 00102ddc40708JUVFa001b001cTK Blued2025-06-30l0oAND 398.2 PZ7 pFISBK02540r2025-06-30 09:22:09t1w2025-06-30yBK